000
00358nam a22001577a 4500
003
MPLRDC
005
20220104124715.0
008
210129b ||||| |||| 00| 0 eng d
082
_a
414.3 LZ
100
_a
不详
245
_a
灵芝: 神奇的仙草
_c
260
_a
_b
不详
_c
300
_b
平
650
_a
中药材--灵芝
942
_c
BK
_o
414.3 LZ
999
_c
21507
_d
21497